| 000 | 00705nam a22001937a 4500 | ||
|---|---|---|---|
| 005 | 20100820135515.0 | ||
| 010 | _a ENG-101110 | ||
| 020 |
_a9789380173337 _c60.00 |
||
| 035 | _aEN-84643 | ||
| 037 | _bDBAD/PUB | ||
| 082 | _a363.7 | ||
| 100 |
_aSrividhya C _917100 |
||
| 245 |
_aApplications of remote sunsing for environmental studies / _cby C Srividhya |
||
| 260 |
_aKoradacherry _bAruma Publication _c2009 |
||
| 270 |
_a35, Gandhi Colony _bKoradacherry _e613703 |
||
| 300 |
_a102p _c18cm(pbk) |
||
| 942 |
_2ddc _cEN _h363.7 _mSRI |
||
| 999 |
_c42688 _d42688 |
||